ბათუმის შოთა რუსთაველის სახელმწიფო უნივერსიტეტის ბიბლიოთეკა

მასალები საზღვარგარეთული ქართველოლოგიის ისტორიისათვის. (წიგნი პირველი) (ბიბ.ჩანაწერი № 40714)

000 -LEADER
fixed length control field 01111nam a2200229Ia 4500
001 - CONTROL NUMBER
control field 7351
003 - CONTROL NUMBER IDENTIFIER
control field GE_BSU
008 - FIXED-LENGTH DATA ELEMENTS--GENERAL INFORMATION
fixed length control field 181216s||||||||xx |||||||||||||| ||und||
020 ## - INTERNATIONAL STANDARD BOOK NUMBER
International Standard Book Number 9789941177750
040 ## - CATALOGING SOURCE
Transcribing agency GE_BSU
080 ## - UNIVERSAL DECIMAL CLASSIFICATION NUMBER
Universal Decimal Classification number 008(=353.1)+908(479.22)
100 ## - MAIN ENTRY--PERSONAL NAME
Personal name ფეიქრიშვილი ჟუჟუნა,ივეტა ვაშაკიძე.
245 ## - TITLE STATEMENT
Title მასალები საზღვარგარეთული ქართველოლოგიის ისტორიისათვის. (წიგნი პირველი)
245 ## - TITLE STATEMENT
Remainder of title Materials For The History Of International Kartvelian Studies. Book 1.
245 ## - TITLE STATEMENT
Statement of responsibility, etc. რედ.: რუსუდან ზექალაშვილი.
260 ## - PUBLICATION, DISTRIBUTION, ETC.
Place of publication, distribution, etc. თბილისი.
260 ## - PUBLICATION, DISTRIBUTION, ETC.
Name of publisher, distributor, etc. უნივერსალი.
260 ## - PUBLICATION, DISTRIBUTION, ETC.
Date of publication, distribution, etc. 2012.
300 ## - PHYSICAL DESCRIPTION
Extent 343 გვ.; 20 სმ.
653 ## - INDEX TERM--UNCONTROLLED
Uncontrolled term მასალები საზღვარგარეთული ქართველოლოგიის ისტორიისათვის. (წიგნი პირველი)
942 ## - ADDED ENTRY ELEMENTS (KOHA)
Koha item type წიგნი
ეგზემპლარები
Withdrawn status Lost status Damaged status Not for loan Date acquired Barcode Date last seen Price effective from Koha item type
        2018-12-17 18669 2018-12-17 2018-12-17 წიგნი
        2018-12-17 18697 2018-12-17 2018-12-17 წიგნი